[Event "GER-chT U20 Girls"]
[Site "Magdeburg"]
[Date "2023.12.30"]
[Round "7.2"]
[White "Hellenbroich, Helene"]
[Black "Rudolph, Eva"]
[Result "1-0"]
[WhiteElo "1358"]
[BlackElo "1755"]
[PlyCount "113"]
[EventDate "2023.12.26"]
[EventType "team-swiss"]
[EventRounds "7"]
[EventCountry "GER"]
[SourceTitle "CB03_2024"]
[SourceDate "2024.01.17"]
[SourceVersion "1"]
[SourceVersionDate "2024.01.17"]
[SourceQuality "1"]
[WhiteTeam "Luebeck"]
[BlackTeam "Solingen"]
[WhiteTeamCountry "GER"]
[BlackTeamCountry "GER"]

1. c4 e6 2. Nc3 d5 3. cxd5 exd5 4. d4 Nf6 5. Bg5 Nbd7 6. Qc2 c6 7. Nf3 Be7 8. e3 0-0 9. Bd3 Re8 10. 0-0 Nf8 11. Ne2 Bd6 12. Bf4 Ng6 13. Bxd6 Qxd6 14. Ng3 Bg4 15. Ng5 Nf8 16. Be2 g6 17. Bxg4 Nxg4 18. Nf3 Ne6 19. Rae1 Ng7 20. Qd2 Re6 21. h3 Nf6 22. Ne5 Nd7 23. Nxd7 Qxd7 24. Re2 Ne8 25. Rfe1 Nd6 26. b3 Rae8 27. Qd3 Qe7 28. Qd2 Qc7 29. Rc1 Qd7 30. Rce1 Rd8 31. Rd1 Ne4 32. Nxe4 dxe4 33. Qc2 f5 34. Red2 Rd6 35. Qc4+ Rd5 36. Qe2 Qe7 37. Re1 Kg7 38. Qc4 R8d7 39. Rde2 c5 40. dxc5 Qxc5 41. Qxc5 Rxc5 42. f3 exf3 43. gxf3 Kf6 44. Kf2 Rdc7 45. Rd1 Rc2 46. Rdd2 Rxd2 47. Rxd2 Ke7 48. Kg3 Rc1 49. Kf2 Ke6 50. h4 Rh1 51. Kg3 Ra1 52. Kg2 h6 53. f4 Rc1 54. Re2 Kd5 55. Rd2+ Ke4 56. Kf2 Rf1+ 57. Kxf1 1-0

[Event "GER-chT Lands U20"]
[Site "Hannover"]
[Date "2023.10.04"]
[Round "6"]
[White "Rudolph, Eva"]
[Black "Grebita, Magnus"]
[Result "1-0"]
[WhiteElo "1793"]
[BlackElo "1599"]
[PlyCount "81"]
[EventDate "2023.10.01"]
[EventType "team-swiss"]
[EventRounds "7"]
[EventCountry "GER"]
[SourceTitle "EXT 2024"]
[Source "ChessBase"]
[SourceDate "2023.10.10"]
[SourceVersion "1"]
[SourceVersionDate "2023.10.10"]
[SourceQuality "1"]

1. e4 e5 2. Nf3 Nc6 3. Nc3 Nf6 4. d4 exd4 5. Nxd4 Bb4 6. Nxc6 bxc6 7. Bd3 d5 8. Bd2 Bxc3 9. Bxc3 dxe4 10. Be2 Qxd1+ 11. Rxd1 0-0 12. 0-0 Bf5 13. Be5 Rab8 14. b3 Rb7 15. f3 Re8 16. fxe4 Bxe4 17. Bxf6 gxf6 18. Bd3 f5 19. Rde1 Rbb8 20. Bxe4 fxe4 21. Rf4 Rbd8 22. Rfxe4 Rxe4 23. Rxe4 Kf8 24. Kf2 a5 25. Ke3 Rd5 26. Rc4 Re5+ 27. Kf4 Rh5 28. Kg3 Rg5+ 29. Kf3 Rh5 30. h3 Rb5 31. Rxc6 Rb7 32. a4 Ra7 33. Ke4 Ke8 34. Rh6 c5 35. Kd5 Rd7+ 36. Rd6 Re7 37. Kxc5 Re2 38. c4 Rxg2 39. Rd3 Rg5+ 40. Kb6 Ke7 41. c5 1-0

[Event "GER-chT Lands U20"]
[Site "Hannover"]
[Date "2023.10.01"]
[Round "2"]
[White "Rudolph, Eva"]
[Black "Lanert, Theodor"]
[Result "0-1"]
[WhiteElo "1793"]
[BlackElo "1404"]
[PlyCount "140"]
[EventDate "2023.10.01"]
[EventType "team-swiss"]
[EventRounds "7"]
[EventCountry "GER"]
[SourceTitle "EXT 2024"]
[Source "ChessBase"]
[SourceDate "2023.10.10"]
[SourceVersion "1"]
[SourceVersionDate "2023.10.10"]
[SourceQuality "1"]

1. e4 c5 2. Nc3 Nc6 3. f4 d6 4. Nf3 g6 5. Bb5 Bg7 6. 0-0 Bd7 7. Bxc6 Bxc6 8. d3 e6 9. Qe1 Ne7 10. Qh4 d5 11. Bd2 b5 12. Rae1 0-0 13. f5 exf5 14. Bh6 dxe4 15. Ng5 Qd4+ 16. Kh1 Bxh6 17. Qxh6 Qg7 18. Qh4 h6 19. Nh3 Nd5 20. Nxd5 Bxd5 21. b3 c4 22. Nf2 exd3 23. cxd3 cxb3 24. axb3 Bxb3 25. Qb4 Ba4 26. Rc1 a5 27. Qa3 Qd4 28. Nd1 Bxd1 29. Rfxd1 Rfb8 30. Rb1 a4 31. Rb4 Qc5 32. d4 Qe7 33. Ra1 Re8 34. h3 Qe3 35. Rxb5 Qxa3 36. Rxa3 Re4 37. Rb4 Kf8 38. Kg1 Ra6 39. Raxa4 Rxa4 40. Rxa4 Ke7 41. Kf2 Ke6 42. Kf3 Kd5 43. Ra7 Rxd4 44. Rxf7 Ke6 45. Ra7 Kf6 46. Ke3 Rb4 47. Ra6+ Kg5 48. Kf3 h5 49. g3 h4 50. gxh4+ Rxh4 51. Kg3 Rb4 52. Rc6 Re4 53. Ra6 f4+ 54. Kg2 Re2+ 55. Kf3 Re3+ 56. Kg2 Rg3+ 57. Kh2 Kh4 58. Rf6 Rxh3+ 59. Kg2 Rg3+ 60. Kf2 g5 61. Rh6+ Kg4 62. Rg6 Rb3 63. Rg8 Rb2+ 64. Kg1 f3 65. Kf1 Kf4 66. Rg7 g4 67. Ke1 f2+ 68. Kf1 Kg3 69. Rf7 Rb1+ 70. Ke2 Re1+ 0-1

[Event "World-chT Rapid"]
[Site "Dusseldorf"]
[Date "2023.08.26"]
[Round "4.10"]
[White "Rudolph, Eva"]
[Black "Andrade, Ruben"]
[Result "1-0"]
[WhiteElo "1793"]
[BlackElo "1797"]
[PlyCount "97"]
[EventDate "2023.08.26"]
[EventType "team-swiss (rapid)"]
[EventRounds "12"]
[EventCountry "GER"]
[SourceTitle "CBM 215 Extra"]
[Source "ChessBase"]
[SourceDate "2023.09.30"]
[SourceVersion "1"]
[SourceVersionDate "2023.09.30"]
[SourceQuality "1"]
[WhiteTeam "Duesseldorf"]
[BlackTeam "Deutsche Schachjugend"]
[WhiteTeamCountry "GER"]
[BlackTeamCountry "GER"]

1. e4 e5 2. Nf3 Nc6 3. d4 exd4 4. Nxd4 Bc5 5. Nb3 Bb6 6. Nc3 Nf6 7. Qe2 d6 8. Bg5 h6 9. Bh4 g5 10. Bg3 Qe7 11. 0-0-0 Bd7 12. h4 0-0-0 13. Nd5 Nxd5 14. exd5 Ne5 15. Nd4 Rde8 16. hxg5 hxg5 17. Rxh8 Rxh8 18. Nf3 Bg4 19. Re1 f6 20. Qd2 Qf7 21. Nxe5 dxe5 22. f3 Bf5 23. Bd3 Bd7 24. Bc4 Qe7 25. Qd3 Qb4 26. Bb3 Qd6 27. a3 a6 28. Kb1 Bb5 29. Qf5+ Bd7 30. Qe4 Rg8 31. Qe2 g4 32. Bf2 gxf3 33. gxf3 Rg2 34. Rf1 Bb5 35. c4 Be8 36. Qe1 Bg6+ 37. Ka2 Bd3 38. Bxb6 Qxb6 39. Rh1 Kb8 40. Qc3 Bf5 41. Rh8+ Ka7 42. c5 Qb5 43. a4 Qf1 44. c6 Rg1 45. Ka3 Qa1+ 46. Ba2 Rd1 47. cxb7 Kxb7 48. Qc6+ Ka7 49. Ra8# 1-0

[Event "GER-chT U20 Girls"]
[Site "Muenster"]
[Date "2022.12.30"]
[Round "7"]
[White "Voigt, Anastasia"]
[Black "Rudolph, Eva"]
[Result "1-0"]
[WhiteElo "1825"]
[BlackElo "1818"]
[PlyCount "132"]
[EventDate "2022.12.26"]
[EventType "team-swiss"]
[EventRounds "7"]
[EventCountry "GER"]
[SourceTitle "CBM 212 Extra"]
[Source "ChessBase"]
[SourceDate "2023.03.31"]
[SourceVersion "1"]
[SourceVersionDate "2023.03.31"]
[SourceQuality "1"]
[WhiteTeam "Halle USV"]
[BlackTeam "Solingen"]
[WhiteTeamCountry "GER"]
[BlackTeamCountry "GER"]

1. e4 c5 2. Nf3 Nc6 3. d4 cxd4 4. Nxd4 e5 5. Nb5 a6 6. Nd6+ Bxd6 7. Qxd6 Qf6 8. Qd1 Qg6 9. Nc3 d5 10. exd5 Nd4 11. Bd3 Qxg2 12. Be4 Qh3 13. Be3 Bg4 14. Qd3 Nf6 15. Bxd4 Qxd3 16. Bxd3 exd4 17. Ne2 Nxd5 18. Nxd4 0-0-0 19. Rg1 h5 20. c3 Nf4 21. Kd2 Rhe8 22. Rae1 Nxd3 23. Kxd3 Bf5+ 24. Kd2 Bg6 25. f4 Rxe1 26. Kxe1 Rd5 27. Kf2 Kd7 28. Ke3 Ke7 29. a4 Kf6 30. b4 Rd7 31. Re1 Re7+ 32. Kd2 Rxe1 33. Kxe1 Bd3 34. Kd2 Bc4 35. h4 g6 36. Ke3 Ke7 37. Nf3 f6 38. Nd2 Bd5 39. c4 Bc6 40. b5 axb5 41. cxb5 Bd5 42. Ne4 Ke6 43. Kd4 f5 44. Nc5+ Kd6 45. a5 Bf3 46. Nd3 Be2 47. Nc5 Bf3 48. a6 bxa6 49. bxa6 Bc6 50. a7 Kc7 51. Ke5 Kb6 52. Ne6 Kxa7 53. Kf6 Kb6 54. Kxg6 Be8+ 55. Kg5 Kc6 56. Ng7 Bf7 57. Nxh5 Kd5 58. Ng7 Ke4 59. Nxf5 Be6 60. Ng7 Bg8 61. h5 Bf7 62. h6 Bg8 63. f5 Ke5 64. f6 Kd6 65. f7 Bxf7 66. h7 Kd5 1-0

[Event "GER-chT U20 Girls"]
[Site "Muenster"]
[Date "2022.12.29"]
[Round "6"]
[White "Duchstein, Anna"]
[Black "Rudolph, Eva"]
[Result "1-0"]
[WhiteElo "1636"]
[BlackElo "1818"]
[PlyCount "75"]
[EventDate "2022.12.26"]
[EventType "team-swiss"]
[EventRounds "7"]
[EventCountry "GER"]
[SourceTitle "CBM 212 Extra"]
[Source "ChessBase"]
[SourceDate "2023.03.31"]
[SourceVersion "1"]
[SourceVersionDate "2023.03.31"]
[SourceQuality "1"]
[WhiteTeam "Porta Westfalica"]
[BlackTeam "Solingen"]
[WhiteTeamCountry "GER"]
[BlackTeamCountry "GER"]

1. e4 e5 2. Nf3 Nc6 3. Bb5 f5 4. d3 fxe4 5. dxe4 Bc5 6. Bc4 h6 7. Bxg8 Rxg8 8. Qd5 Bxf2+ 9. Kxf2 Rf8 10. Rf1 d6 11. Kg1 Qe7 12. Be3 Be6 13. Qb5 0-0-0 14. Nc3 g5 15. Nd5 Qg7 16. Qc4 Bg8 17. b4 a6 18. a4 Kd7 19. b5 Bxd5 20. Qxd5 axb5 21. axb5 Nb8 22. Qxb7 Rc8 23. b6 Ke6 24. Ra7 Nd7 25. Qd5+ Ke7 26. Rxc7 Rxc7 27. bxc7 Rc8 28. Qb7 Qg8 29. Nxg5 Rxc7 30. Qxc7 hxg5 31. Rd1 Qg6 32. Bxg5+ Qxg5 33. Qxd6+ Kf7 34. Qxd7+ Kg6 35. Rd6+ Kh5 36. Qh7+ Kg4 37. Qh3+ Kf4 38. Qf3# 1-0

[Event "GER-chT U20 Girls"]
[Site "Muenster"]
[Date "2022.12.28"]
[Round "3"]
[White "Peglau, Dora"]
[Black "Rudolph, Eva"]
[Result "1-0"]
[WhiteElo "1869"]
[BlackElo "1818"]
[PlyCount "32"]
[EventDate "2022.12.26"]
[EventType "team-swiss"]
[EventRounds "7"]
[EventCountry "GER"]
[SourceTitle "CBM 212 Extra"]
[Source "ChessBase"]
[SourceDate "2023.03.31"]
[SourceVersion "1"]
[SourceVersionDate "2023.03.31"]
[SourceQuality "1"]
[WhiteTeam "Seeblick"]
[BlackTeam "Solingen"]
[WhiteTeamCountry "GER"]
[BlackTeamCountry "GER"]

1. d4 Nf6 2. Nf3 d5 3. c4 e6 4. Nc3 Be7 5. Bf4 0-0 6. e3 a6 7. c5 b6 8. b4 Nh5 9. Bg3 a5 10. a3 bxc5 11. bxc5 Ba6 12. Bxa6 Rxa6 13. Rb1 Nd7 14. Rb7 Nxg3 15. hxg3 c6 16. Qd3 Ra8 1-0

[Event "EU-ch U18 Girls 30th"]
[Site "Antalya"]
[Date "2022.11.11"]
[Round "6"]
[White "Koksa, Jelena"]
[Black "Rudolph, Eva"]
[Result "1/2-1/2"]
[WhiteElo "1741"]
[BlackElo "1870"]
[PlyCount "54"]
[EventDate "2022.11.06"]
[EventType "swiss"]
[EventRounds "9"]
[EventCountry "TUR"]
[SourceTitle "EXT 2024"]
[Source "ChessBase"]
[SourceDate "2023.10.10"]
[SourceVersion "1"]
[SourceVersionDate "2023.10.10"]
[SourceQuality "1"]

1. e4 c5 2. Ne2 e6 3. d4 cxd4 4. Nxd4 a6 5. Bd3 Nf6 6. 0-0 Qc7 7. c4 g6 8. Qe2 d6 9. Nc3 Bg7 10. Be3 0-0 11. b3 b6 12. Rac1 Bb7 13. Bb1 Nbd7 14. h3 Rac8 15. Rfd1 Nc5 16. f3 Qb8 17. b4 Ncd7 18. Nb3 Rfe8 19. Bf4 Bf8 20. Na4 Bc6 21. Nb2 Nh5 22. Be3 Nhf6 23. Bf4 Nh5 24. Be3 Qa8 25. Qd2 Qb8 26. a3 Nhf6 27. Bf4 Nh5 1/2-1/2

[Event "EU-ch U18 Girls 30th"]
[Site "Antalya"]
[Date "2022.11.09"]
[Round "4"]
[White "Pipiras, Filipa Fortuna"]
[Black "Rudolph, Eva"]
[Result "1-0"]
[WhiteElo "2149"]
[BlackElo "1870"]
[PlyCount "45"]
[EventDate "2022.11.06"]
[EventType "swiss"]
[EventRounds "9"]
[EventCountry "TUR"]
[SourceTitle "EXT 2024"]
[Source "ChessBase"]
[SourceDate "2023.10.10"]
[SourceVersion "1"]
[SourceVersionDate "2023.10.10"]
[SourceQuality "1"]

1. d4 d5 2. c4 e6 3. Nc3 Nf6 4. cxd5 exd5 5. Bg5 Be7 6. e3 0-0 7. Bd3 c6 8. Nge2 Re8 9. 0-0 Nbd7 10. a4 Nf8 11. Qc2 g6 12. f3 Ne6 13. Bh4 a6 14. Rad1 b5 15. Kh1 Bb7 16. axb5 axb5 17. h3 Nd7 18. Bf2 Bd6 19. e4 Nc7 20. e5 b4 21. Nb1 Ba6 22. Bxa6 Rxa6 23. f4 1-0

[Event "BL2-West 2223"]
[Site "Germany"]
[Date "2022.10.23"]
[Round "2.8"]
[White "Rudolph, Eva"]
[Black "Sabirov, Ramil"]
[Result "1/2-1/2"]
[WhiteElo "1911"]
[BlackElo "2125"]
[PlyCount "61"]
[EventDate "2022.10.22"]
[EventType "team-tourn"]
[EventRounds "10"]
[EventCountry "GER"]
[SourceTitle "EXT 2024"]
[Source "ChessBase"]
[SourceDate "2023.10.10"]
[SourceVersion "1"]
[SourceVersionDate "2023.10.10"]
[SourceQuality "1"]
[WhiteTeam "Duesseldorf"]
[BlackTeam "Koeln Porz"]
[WhiteTeamCountry "GER"]
[BlackTeamCountry "GER"]

1. e4 c5 2. Nf3 e6 3. d4 cxd4 4. Nxd4 Nc6 5. Nc3 Qc7 6. Nxc6 bxc6 7. Bd3 d5 8. 0-0 Nf6 9. exd5 exd5 10. Re1+ Be7 11. Qe2 Be6 12. Bg5 0-0 13. Bh4 Rfe8 14. Bg3 Bd6 15. Qd2 Bxg3 16. hxg3 c5 17. Nb5 Qb6 18. a4 a6 19. a5 Qc6 20. Nc3 d4 21. Ne4 Nxe4 22. Bxe4 Bd5 23. Bxd5 Qxd5 24. b3 c4 25. bxc4 Qxc4 26. Rxe8+ Rxe8 27. Qd3 Qxd3 28. cxd3 Re5 29. Ra4 Kf8 30. Rxd4 Rxa5 31. Rd7 1/2-1/2

[Event "BL2-West 2223"]
[Site "Germany"]
[Date "2022.10.22"]
[Round "1.8"]
[White "Meessen, Rudolf"]
[Black "Rudolph, Eva"]
[Result "1-0"]
[WhiteElo "2162"]
[BlackElo "1911"]
[PlyCount "129"]
[EventDate "2022.10.22"]
[EventType "team-tourn"]
[EventRounds "10"]
[EventCountry "GER"]
[SourceTitle "EXT 2024"]
[Source "ChessBase"]
[SourceDate "2023.10.10"]
[SourceVersion "1"]
[SourceVersionDate "2023.10.10"]
[SourceQuality "1"]
[WhiteTeam "Aachen SV"]
[BlackTeam "Duesseldorf"]
[WhiteTeamCountry "GER"]
[BlackTeamCountry "GER"]

1. d4 d5 2. Nc3 Nf6 3. Bf4 Bf5 4. e3 e6 5. Bd3 Bxd3 6. cxd3 Bd6 7. Qb3 Qc8 8. Bxd6 cxd6 9. Nb5 Ke7 10. Nf3 Rd8 11. 0-0 a6 12. Nc3 Nc6 13. e4 dxe4 14. dxe4 Kf8 15. Rac1 Qd7 16. Rfd1 Qe7 17. d5 exd5 18. Nxd5 Nxd5 19. Rxd5 Qxe4 20. Ng5 Qg6 21. Qxb7 Ne5 22. f4 h6 23. fxe5 Qxg5 24. Rf1 Qe7 25. Qxe7+ Kxe7 26. exd6+ Ke6 27. Rd3 Rd7 28. Re3+ Kd5 29. Rd1+ Kc6 30. Rc3+ Kb6 31. Rdc1 Rxd6 32. Rb3+ Ka5 33. Rb7 Rad8 34. Rc5+ Ka4 35. Rc4+ Ka5 36. b3 Rd1+ 37. Kf2 R1d2+ 38. Ke3 R2d3+ 39. Ke4 f5+ 40. Kxf5 R3d5+ 41. Kg6 R8d6+ 42. Kh7 Rb6 43. Ra4+ Kb5 44. Rb4+ Kxb4 45. Rxb6+ Ka5 46. Rg6 Rd2 47. Kxg7 h5 48. a3 Ra2 49. Rg5+ Kb6 50. a4 h4 51. Rg4 Rb2 52. b4 Ra2 53. Rg6+ Ka7 54. b5 axb5 55. axb5 Rb2 56. b6+ Kb7 57. h3 Rd2 58. Kh6 Rd5 59. Rg5 Rd4 60. Kh5 Kxb6 61. Rg4 Rd5+ 62. Kxh4 Kc6 63. Re4 Kd6 64. g4 Kd7 65. g5 1-0

[Event "GER-chT Lands U20"]
[Site "Wiesbaden"]
[Date "2022.10.01"]
[Round "1.3"]
[White "Voigt, Anastasia"]
[Black "Rudolph, Eva"]
[Result "1-0"]
[WhiteElo "1772"]
[BlackElo "1911"]
[PlyCount "109"]
[EventDate "2022.09.30"]
[EventType "team-swiss"]
[EventRounds "7"]
[EventCountry "GER"]
[SourceTitle "CBM 210 Extra"]
[Source "ChessBase"]
[SourceDate "2022.11.30"]
[SourceVersion "1"]
[SourceVersionDate "2022.11.30"]
[SourceQuality "1"]
[WhiteTeam "Sachsen Anhalt U20"]
[BlackTeam "Nordrhein Westfalen U20"]
[WhiteTeamCountry "GER"]
[BlackTeamCountry "GER"]

1. e4 c5 2. Nf3 e6 3. d4 cxd4 4. Nxd4 a6 5. c4 Nf6 6. Nc3 Qc7 7. a3 Nc6 8. Be3 Be7 9. Be2 0-0 10. 0-0 Rd8 11. Qb3 d6 12. Rfd1 Nd7 13. Rac1 b6 14. Qa2 Nxd4 15. Bxd4 Bb7 16. f3 Rac8 17. Be3 Bf6 18. b4 Ne5 19. Na4 Nd7 20. Qd2 Be7 21. Qd4 e5 22. Qd2 Bc6 23. Nc3 Qb8 24. Nd5 Bxd5 25. cxd5 Qb7 26. a4 Rf8 27. Rxc8 Rxc8 28. Rc1 Kf8 29. Rc2 Bd8 30. Qc1 Rxc2 31. Qxc2 a5 32. Qc6 Qc7 33. Bb5 Ke7 34. Qxc7 Bxc7 35. Bxd7 Kxd7 36. b5 Ke7 37. Kf2 f6 38. Kg3 Kf7 39. Kg4 Bd8 40. h4 g6 41. f4 Kg7 42. Kf3 h6 43. h5 g5 44. g3 Kf7 45. Kg4 Kg7 46. Kf5 Kf7 47. fxg5 fxg5 48. g4 Bc7 49. Bxg5 hxg5 50. Kxg5 Bd8+ 51. Kf5 Bh4 52. g5 Bf2 53. h6 Be3 54. g6+ Kg8 55. h7+ 1-0

[Event "GER-chT U20 Girls"]
[Site "Kiel"]
[Date "2022.07.25"]
[Round "6.1"]
[White "Rudolph, Eva"]
[Black "Peglau, Sarah"]
[Result "1-0"]
[WhiteElo "1892"]
[BlackElo "1782"]
[PlyCount "133"]
[EventDate "2022.07.22"]
[EventType "team-swiss"]
[EventRounds "7"]
[EventCountry "GER"]
[SourceTitle "CBM 209 Extra"]
[Source "ChessBase"]
[SourceDate "2022.09.30"]
[SourceVersion "1"]
[SourceVersionDate "2022.09.30"]
[SourceQuality "1"]
[WhiteTeam "Solingen SG"]
[BlackTeam "Seeblick"]
[WhiteTeamCountry "GER"]
[BlackTeamCountry "GER"]

1. e4 e6 2. d4 d5 3. Nd2 dxe4 4. Nxe4 b6 5. Bd3 Bb7 6. Nf3 Nd7 7. 0-0 Ngf6 8. Qe2 Be7 9. c3 0-0 10. Nxf6+ Nxf6 11. Re1 Rc8 12. Bf4 c5 13. dxc5 Bxc5 14. Rad1 Nd5 15. Bg3 Qe7 16. Bh4 Qc7 17. Bg3 Qe7 18. Bc4 Rfd8 19. Bh4 Nf6 20. Ne5 Rxd1 21. Rxd1 Qe8 22. Bb5 Qf8 23. Bxf6 gxf6 24. Rd7 fxe5 25. Rxb7 Qh6 26. Qxe5 Qd2 27. Qf6 Rf8 28. b4 Qd1+ 29. Bf1 Bd6 30. Qg5+ Kh8 31. Qh4 Qd2 32. Qf6+ Kg8 33. Rxa7 Qf4 34. Qxf4 Bxf4 35. a4 Bd2 36. Rc7 Ra8 37. Bb5 Kg7 38. g3 Kf6 39. Kg2 Rd8 40. Rc6 Rb8 41. Bd3 h6 42. Kf3 Ke5 43. Ke2 Bc1 44. f4+ Kd5 45. Rc7 Rf8 46. Rb7 e5 47. fxe5 Re8 48. Rxb6 Rxe5+ 49. Kd1 Be3 50. Rb5+ Kd6 51. Rxe5 Kxe5 52. Kc2 Bg1 53. h3 Bf2 54. g4 Kf4 55. a5 Kg3 56. Bf1 Be3 57. Kb3 Kf2 58. Bc4 f6 59. b5 Kg3 60. Kb4 Kxh3 61. Be6 Kh4 62. b6 h5 63. gxh5 Kxh5 64. Kb5 Kg5 65. a6 f5 66. a7 f4 67. a8Q 1-0

[Event "GER-ch U18 Girls"]
[Site "Willingen"]
[Date "2022.06.11"]
[Round "9"]
[White "Rudolph, Eva"]
[Black "Dartmann Aubanell, Catriona"]
[Result "1/2-1/2"]
[WhiteElo "1860"]
[BlackElo "1872"]
[PlyCount "46"]
[EventDate "2022.06.04"]
[EventType "swiss"]
[EventRounds "9"]
[EventCountry "GER"]
[SourceTitle "CBM 208 Extra"]
[Source "ChessBase"]
[SourceDate "2022.07.31"]
[SourceVersion "1"]
[SourceVersionDate "2022.07.31"]
[SourceQuality "1"]

1. e4 e6 2. d4 d5 3. Nd2 c5 4. exd5 exd5 5. Bb5+ Nc6 6. Ngf3 cxd4 7. 0-0 Bd6 8. Nb3 Nge7 9. Nbxd4 0-0 10. Bd3 h6 11. h3 Re8 12. c3 a6 13. Bc2 h5 14. Ng5 g6 15. Re1 Nxd4 16. Qxd4 Nf5 17. Qd1 Rxe1+ 18. Qxe1 b5 19. Nf3 Qe7 20. Qd1 Bc5 21. Bg5 Qa7 22. Qd2 Kg7 23. Rd1 Be6 1/2-1/2

[Event "GER-ch U18 Girls"]
[Site "Willingen"]
[Date "2022.06.09"]
[Round "7"]
[White "Rudolph, Eva"]
[Black "Dietz, Kristin"]
[Result "1-0"]
[WhiteElo "1860"]
[BlackElo "1739"]
[PlyCount "117"]
[EventDate "2022.06.04"]
[EventType "swiss"]
[EventRounds "9"]
[EventCountry "GER"]
[SourceTitle "CBM 208 Extra"]
[Source "ChessBase"]
[SourceDate "2022.07.31"]
[SourceVersion "1"]
[SourceVersionDate "2022.07.31"]
[SourceQuality "1"]

1. e4 c6 2. d4 d5 3. Nc3 dxe4 4. Nxe4 Nf6 5. Nxf6+ exf6 6. c3 Bd6 7. Bd3 0-0 8. Qc2 Re8+ 9. Ne2 h5 10. 0-0 h4 11. h3 Nd7 12. f4 Nf8 13. f5 Nh7 14. Nf4 Ng5 15. Nh5 Nh7 16. Qf2 Bxf5 17. Qxf5 g6 18. Nxf6+ Nxf6 19. Qxf6 Qxf6 20. Rxf6 Re1+ 21. Rf1 Rae8 22. Bg5 Rxa1 23. Rxa1 Bg3 24. Rf1 Kg7 25. Bf6+ Kh6 26. Bc4 g5 27. Be5 Bxe5 28. dxe5 Rxe5 29. Rf6+ Kg7 30. Rxf7+ Kg6 31. Rxb7 a5 32. Rc7 Rc5 33. Bb3 Kf5 34. Kf2 Kf4 35. Rf7+ Ke5 36. Ke3 Rb5 37. Rg7 Kf6 38. Rc7 a4 39. Bxa4 Rxb2 40. Bxc6 Rxa2 41. Be4 Ra1 42. Rc6+ Ke5 43. Rc5+ Kf6 44. Rf5+ Ke6 45. Rxg5 Re1+ 46. Kd4 Rd1+ 47. Bd3 Rd2 48. c4 Kd6 49. c5+ Kc6 50. Rg6+ Kc7 51. Kc4 Rd1 52. Rg7+ Kd8 53. Be4 Rc1+ 54. Kb5 Re1 55. Bf3 Re5 56. Kb6 Re1 57. c6 Rb1+ 58. Kc5 Rc1+ 59. Kd6 1-0

[Event "GER-ch U18 Girls"]
[Site "Willingen"]
[Date "2022.06.05"]
[Round "1"]
[White "Rudolph, Eva"]
[Black "Wilmink, Anna"]
[Result "1-0"]
[WhiteElo "1860"]
[BlackElo "1716"]
[PlyCount "81"]
[EventDate "2022.06.04"]
[EventType "swiss"]
[EventRounds "9"]
[EventCountry "GER"]
[SourceTitle "CBM 208 Extra"]
[Source "ChessBase"]
[SourceDate "2022.07.31"]
[SourceVersion "1"]
[SourceVersionDate "2022.07.31"]
[SourceQuality "1"]

1. e4 c5 2. Nf3 g6 3. d4 cxd4 4. Nxd4 Nc6 5. c4 Bg7 6. Be3 Nf6 7. Nc3 0-0 8. Be2 d6 9. 0-0 Bd7 10. Qd2 Ng4 11. Bxg4 Bxg4 12. f3 Bd7 13. Rfd1 Ne5 14. b3 Rc8 15. Rac1 b6 16. Nd5 f5 17. Bg5 Rf7 18. exf5 Bxf5 19. Qe3 Bf8 20. Nxf5 Rxf5 21. f4 Nc6 22. Qe6+ Rf7 23. f5 gxf5 24. Rc3 Qe8 25. Rg3 Kh8 26. Rdd3 Ne5 27. Bf6+ Bg7 28. Bxg7+ Rxg7 29. Rxg7 Kxg7 30. Rg3+ Ng6 31. Nxe7 f4 32. Nf5+ Kf8 33. Qf6+ Qf7 34. Qxf7+ Kxf7 35. Nxd6+ Kf8 36. Rxg6 hxg6 37. Nxc8 Ke8 38. Nxa7 Kd7 39. Kf2 Kd6 40. Kf3 Ke5 41. Nc8 1-0

[Event "Bundesliga 2122"]
[Site "Germany"]
[Date "2022.04.10"]
[Round "4.3"]
[White "Doettling, Fabian"]
[Black "Rudolph, Eva"]
[Result "1-0"]
[WhiteElo "2587"]
[BlackElo "1801"]
[PlyCount "82"]
[EventDate "2022.03.05"]
[EventType "team-tourn"]
[EventRounds "15"]
[EventCountry "GER"]
[SourceTitle "EXT 2023"]
[Source "ChessBase"]
[SourceDate "2022.10.05"]
[SourceVersion "1"]
[SourceVersionDate "2022.10.05"]
[SourceQuality "1"]
[WhiteTeam "Baden-Baden"]
[BlackTeam "Duesseldorf"]
[WhiteTeamCountry "GER"]
[BlackTeamCountry "GER"]

1. d4 d5 2. Nf3 Nf6 3. c4 e6 4. Nc3 Bb4 5. Qa4+ Nc6 6. e3 Bd7 7. Qc2 0-0 8. a3 Bxc3+ 9. Qxc3 Ne4 10. Qc2 Kh8 11. Bd3 f5 12. b4 Be8 13. b5 Ne7 14. cxd5 exd5 15. 0-0 Rc8 16. a4 Rf6 17. Ne5 c5 18. dxc5 Rxc5 19. Qb2 Qc7 20. Qd4 Ng6 21. Nf3 Nf8 22. Ba3 Ne6 23. Qb2 Rc3 24. Rac1 Rxc1 25. Rxc1 Qd8 26. Nd4 Bd7 27. f3 N4g5 28. Nxf5 Nc5 29. Bxc5 Bxf5 30. Bxf5 Rxf5 31. Bxa7 Ne6 32. Qc3 Rf8 33. a5 Qd7 34. Qd3 Ra8 35. Bb6 Re8 36. Rd1 d4 37. Bxd4 Rd8 38. Bxg7+ Qxg7 39. Qxd8+ Nxd8 40. Rxd8+ Qg8 41. Rxg8+ Kxg8 1-0

[Event "GER-ch U18 Girls"]
[Site "Willingen"]
[Date "2021.08.23"]
[Round "2"]
[White "Bui, Ngoc Han Julia"]
[Black "Rudolph, Eva"]
[Result "1-0"]
[WhiteElo "1891"]
[BlackElo "1790"]
[PlyCount "131"]
[EventDate "2021.08.22"]
[EventType "swiss"]
[EventRounds "9"]
[EventCountry "GER"]
[SourceTitle "EXT 2022"]
[Source "ChessBase"]
[SourceDate "2021.10.06"]
[SourceVersion "1"]
[SourceVersionDate "2021.10.06"]
[SourceQuality "1"]

1. e4 c5 2. Nf3 e6 3. d4 cxd4 4. Nxd4 a6 5. Bd3 Nf6 6. 0-0 Qc7 7. Qe2 d6 8. c4 g6 9. Nc3 Bg7 10. Nf3 Nbd7 11. h3 0-0 12. Bf4 Rd8 13. Rfd1 Nh5 14. Bg5 Re8 15. Rac1 b6 16. Qd2 Bb7 17. Bb1 Bf8 18. b3 Ne5 19. Nxe5 dxe5 20. Qd7 Qxd7 21. Rxd7 Bc6 22. Rc7 Rec8 23. Rxc8 Rxc8 24. Be3 Bc5 25. Bxc5 bxc5 26. Rd1 Kf8 27. Ne2 Nf6 28. f3 Ke7 29. Kf2 Rd8 30. Rxd8 Kxd8 31. a3 a5 32. Ke3 Ke7 33. Kd2 Kd6 34. Kc3 Nd7 35. b4 axb4+ 36. axb4 cxb4+ 37. Kxb4 Nc5 38. Nc1 Na6+ 39. Ka5 Nc5 40. g4 Nd7 41. Kb4 Nc5 42. Bc2 Na6+ 43. Ka5 Nc5 44. g5 Nd7 45. Nd3 Nc5 46. Kb4 Na6+ 47. Kc3 Nc5 48. Nf2 Nd7 49. Ng4 Kc5 50. h4 Kd6 51. Kb4 Nc5 52. Nf6 Nd7 53. Nxh7 Kc7 54. Nf6 Kd6 55. Nxd7 Bxd7 56. c5+ Kc7 57. Ba4 Bxa4 58. Kxa4 Kc6 59. Kb4 Kc7 60. Kb5 Kb7 61. c6+ Kc8 62. Kb6 Kb8 63. c7+ Kc8 64. Kc6 f5 65. gxf6 g5 66. f7 1-0